Science Quiz

Random Science or Clickable Quiz

Mental Conditions by Definition Quiz Stats

Quiz Updated Mar 24, 2013

Challenge
Share
Tweet
Embed
Score 0/27 Timer 07:00
1 Play Today
% Correct
Tourettes
91%
Pyromania
90.6%
Phobia
90.4%
Post-Traumatic Stress Syndrome
89.3%
Kleptomania
88.6%
Bulimia Nervosa
88%
Insomnia
87.8%
Bipolar Disorder
87.6%
Clinical Depression
87.2%
Stuttering
86.9%
Anorexia Nervosa
85.5%
Nymphomania
85%
Amnesia
84.2%
Exhibitionism
82.7%
% Correct
Stockholm Syndrome
81.8%
Narcolepsy
80%
Hypochondriasis
80%
Autism
75.9%
Selective Mutism
70.7%
Megalomania
69.2%
Schizophrenia
65.7%
Trichotillomania
64.6%
Munchausen by Proxy
59.8%
Dissociative Identity Disorder
58.2%
Cotard Delusion
40.3%
Diogenes Syndrome
37.5%
Capgras Delusion
35.3%

You're not logged in!

Compare scores with friends on all Sporcle quizzes.
Sign Up with Email
OR
Log In

You Might Also Like...

Show Comments

Extras

Top Quizzes Today


Score Distribution

Your Account Isn't Verified!

In order to create a playlist on Sporcle, you need to verify the email address you used during registration. Go to your Sporcle Settings to finish the process.

Report this User

Report this user for behavior that violates our Community Guidelines.

Details: